| 000 | 00700nam a2200205 a 4500 | ||
|---|---|---|---|
| 001 | BRCA_7605 | ||
| 005 | 20190320205916.0 | ||
| 008 | 270613s2012----mx-a######---#000-0#spa-# | ||
| 041 | _aspa | ||
| 050 | 4 | _bA48 2012 | |
| 100 | 1 |
_aÁlvarez Zendejas, María Esther _918750 |
|
| 245 | 1 | 0 |
_aManual de repeticiones en estampado _bprocesos y técnicas artesanales _cMaría Esther Álvarez Zendejas y Alma Laura Pérez Monter. |
| 260 |
_aMéxico _bINBA : CONACULTA _c2012 |
||
| 300 |
_a113 p. _bil. a color _c20 cm. |
||
| 500 | _aIncluye glosario y lista de figuras | ||
| 504 | _aBibliografía: p. 111 | ||
| 650 | 1 | 4 |
_aEstampado _918751 |
| 700 | 1 |
_aPérez Monter, Alma Laura _ecoaut. _918752 |
|
| 942 |
_2lcc _cB |
||
| 999 |
_c7279 _d7279 |
||